000 01065cab a2200217 4500
001 ABS57806
008 090401t1997 xxu||||| |||| 00| 0 eng d
035 _a(Sirsi) u81746
041 _aeng
245 _aTitterell v Tunbridge Wells BC
260 _c1997
350 _a0
490 _aProperty, planning & compensation reports
_v[1997] 74 P&CR 337-342(6)
520 _aCA 4 December 1996. T served a blight notice on TWBC after his land was included in the green belt. They served a counter-notice and T referred the issue to the LT. LT decided that designation of the land as green belt did not render it as blighted within the meaning of Town and Country Planning Act 1990 s149(1) and sch13. T appealed by way of case stated from LT decision. He also submitted that the land was not lawfully designated as part of the Green Belt. Appeal dismissed.
650 _aBLIGHTED PROPERTY
650 _aGREEN BELT
650 _aTOWN AND COUNTRY PLANNING ACT 1990 SCHED 13
690 _aPLANNING LAW AND PRACTICE-CASE LAW
942 _n0
948 _c29/10/1997
999 _c51536
_d51536